Štatistická analýza evidencie nehmotného majetku v spoločnostiach na Slovensku bakalárska práca

Uložené v:
Podrobná bibliografia
Hlavný autor: Bukšárová, Monika
Korporativný autor: Fakulta hospodárskej informatiky EU. Katedra matematiky
Ďalší autori: Škrovánková, Petra, 1981-
Médium: Kniha
Jazyk:Slovak
Vydavateľské údaje: Bratislava 2010
Tagy: Pridať tag
Žiadne tagy, Buďte prvý, kto otaguje tento záznam!

MARC

LEADER 00000nam$a2200000$$$4500
001 0129279
005 20240320073705.7
041 0 |a slo 
044 |a SK 
245 1 0 |a Štatistická analýza evidencie nehmotného majetku v spoločnostiach na Slovensku  |b bakalárska práca  |c Monika Bukšárová ; školiteľ: Petra Škrovánková 
264 1 |a Bratislava  |c 2010 
300 |a 38 s. 
100 1 |a Bukšárová, Monika 
700 1 |a Škrovánková, Petra, 1981- 
710 2 |a Fakulta hospodárskej informatiky EU. Katedra matematiky